عرض عادي
عرض مارك
- Occupational Health Services
مدخل مصطلح موضوعي
001 - رقم الضبط
- حقل الضبط: 18341
003 - معرف رقم الضبط
- حقل الضبط: OSt
005 - تاريخ ووقت أخر عملية
- حقل الضبط: 20121224163120.0
008 - عناصر بيانات ثابتة الطول
- حقل تحكم ثابت الطول: 121224|||a|||||| | ||| d
040 ## - مصدر الفهرسة
- هيئة الفهرسة الأصلية: OSt
- وكالة الكتابة: OSt
150 ## - مدخل-- مصطلح تاريخي
- عنصر مدخل المصطلح الموضوعي او الاسم الجغرافي: Occupational Health Services
- تفريع عام: organization & administration
- تفريع جغرافي: United States.
670 ## - بيانات المصدر موجوده
- الاستشهاد بالمصدر: Work cat.: (OSt)0: Asfahl, C. Ray, 1938- 18338, Industrial safety and health management /, c2010.
